00460nam a2200157Ia 450000500170000000800410001708200130005810000230007124500240009426000410011830000130015965000100017294200060018295200990018899900150028720250508050026.0240331s9999 xx 000 0 und d bBALa891 aBalasubramaniam, R 0aOru kodai vidumurai aChennaibManimegalai Prasooramc1998 a260 p ., aNovel cL 001040708LaWERCLbWERCLcSSCd2024-03-31l0o 294.211 BALp4437r2024-03-31w2024-03-31yL c4379d4379